000 00346pab a2200145 454500
008 180718b2003 xxu||||| |||| 00| 0 eng d
100 _aSivamurthy, A.
245 _aSurveillance and occurrence of burglary
260 _c2003
300 _ap.8-12.
362 _aJan-Mar
650 _aPolice
773 _aIndian Police Journal
909 _a58669
999 _c58669
_d58669